000
00326 a2200157 4500
001
59824
020
_a
9783401053691
040
_c
Anchieta - Pituba
100
_a
Abedi, Isabel
240
1
0
_a
Whisper
_l
por
245
1
0
_a
Whisper
300
_a
275
362
0
_a
2006
650
4
_a
Literatura juvenil em alemão
942
_c
BK
999
_c
59824
_d
59824